<?xml version="1.0" encoding="UTF-8"?>
<record
    xmlns:xsi="http://www.w3.org/2001/XMLSchema-instance"
    xsi:schemaLocation="http://www.loc.gov/MARC21/slim http://www.loc.gov/standards/marcxml/schema/MARC21slim.xsd"
    xmlns="http://www.loc.gov/MARC21/slim">

  <leader>02658nab a22006857a 4500</leader>
  <controlfield tag="003">AR-RoUNA</controlfield>
  <datafield tag="022" ind1=" " ind2=" ">
    <subfield code="a">450302075</subfield>
  </datafield>
  <datafield tag="040" ind1=" " ind2=" ">
    <subfield code="a">AR-RoUNA</subfield>
    <subfield code="b">spa</subfield>
  </datafield>
  <datafield tag="041" ind1=" " ind2=" ">
    <subfield code="a">spa</subfield>
  </datafield>
  <datafield tag="044" ind1=" " ind2=" ">
    <subfield code="a">ag</subfield>
  </datafield>
  <datafield tag="245" ind1=" " ind2=" ">
    <subfield code="a">mat&#xE9;ricos perif&#xE9;ricos :</subfield>
    <subfield code="n"> N&#xBA;19</subfield>
  </datafield>
  <datafield tag="300" ind1=" " ind2=" ">
    <subfield code="a">126 p. :</subfield>
    <subfield code="b">Cortes</subfield>
    <subfield code="b">plantas</subfield>
    <subfield code="b">planos</subfield>
    <subfield code="b">Croquis</subfield>
    <subfield code="c">25x18 cm</subfield>
  </datafield>
  <datafield tag="505" ind1="0" ind2=" ">
    <subfield code="t">INDICE</subfield>
  </datafield>
  <datafield tag="505" ind1="0" ind2=" ">
    <subfield code="t">EDITORIAL</subfield>
  </datafield>
  <datafield tag="505" ind1="0" ind2=" ">
    <subfield code="a">Barrale Marcelo/ Editorial. p. 8</subfield>
  </datafield>
  <datafield tag="505" ind1="0" ind2=" ">
    <subfield code="t">2 PENSAMIENTO Y PROYECTO</subfield>
  </datafield>
  <datafield tag="505" ind1="0" ind2=" ">
    <subfield code="a">Correspondencia con Caveri. p. 16</subfield>
  </datafield>
  <datafield tag="505" ind1="0" ind2=" ">
    <subfield code="a">Appiani Luis/ Im&#xE1;genes de la Avenida. p. 22</subfield>
  </datafield>
  <datafield tag="505" ind1="0" ind2=" ">
    <subfield code="a">Conversaciones con Luis Appiani y Enrique Franco/ Espacio, construcci&#xF3;n y deseo. p. 26</subfield>
  </datafield>
  <datafield tag="505" ind1="0" ind2=" ">
    <subfield code="a">Conversaciones con Luis Appiani y Marcelo Barrale/ Arquitectura y periferia. p. 32</subfield>
  </datafield>
  <datafield tag="505" ind1="0" ind2=" ">
    <subfield code="a">Appiani Luis/ La arquitectura contempor&#xE1;nea en Rosario. p. 46</subfield>
  </datafield>
  <datafield tag="505" ind1="0" ind2=" ">
    <subfield code="t">3 ENTREVISTAS - RAUL &#xC1;NGEL GARRE. NIRE ROLDAN.</subfield>
  </datafield>
  <datafield tag="505" ind1="0" ind2=" ">
    <subfield code="a">Ra&#xFA;l &#xC1;ngel Garr&#xE9;. p. 52</subfield>
  </datafield>
  <datafield tag="505" ind1="0" ind2=" ">
    <subfield code="a">Franco Enrique/ Entrevista a Ra&#xFA;l A, Garre. p. 53</subfield>
  </datafield>
  <datafield tag="505" ind1="0" ind2=" ">
    <subfield code="a">Nire Rold&#xE1;n. p. 60</subfield>
  </datafield>
  <datafield tag="505" ind1="0" ind2=" ">
    <subfield code="a">Barrale Marcelo / Entrevista a Nire Rold&#xE1;n. p. 60</subfield>
  </datafield>
  <datafield tag="505" ind1="0" ind2=" ">
    <subfield code="t">4 RECUERDOS PESADOS</subfield>
  </datafield>
  <datafield tag="505" ind1="0" ind2=" ">
    <subfield code="a">Franco Enrique/ Una experiencia acad&#xE9;mica de formaci&#xF3;n integral. p. 66</subfield>
  </datafield>
  <datafield tag="505" ind1="0" ind2=" ">
    <subfield code="a">Supersaxco Rolando/ Elogio de la contradicci&#xF3;n. p .70</subfield>
  </datafield>
  <datafield tag="505" ind1="0" ind2=" ">
    <subfield code="a">Villanova Alejandro/ Mesa para 100 personas. p. 72</subfield>
  </datafield>
  <datafield tag="505" ind1="0" ind2=" ">
    <subfield code="a">Geminale Germ&#xE1;n/ Atar al tiempo. p. 76</subfield>
  </datafield>
  <datafield tag="505" ind1="0" ind2=" ">
    <subfield code="a">Cabezudo Mart&#xED;n y Sebasti&#xE1;n Cekada/ Appiani, el memorioso. p. 80</subfield>
  </datafield>
  <datafield tag="505" ind1="0" ind2=" ">
    <subfield code="a">Sant&#xE1;ngelo Franco/ Dos volando. Proyecto Zona Cero. p. 82</subfield>
  </datafield>
  <datafield tag="505" ind1="0" ind2=" ">
    <subfield code="t">5 CATALOGO</subfield>
  </datafield>
  <datafield tag="505" ind1="0" ind2=" ">
    <subfield code="a">Xilograf&#xED;as. p. 90</subfield>
  </datafield>
  <datafield tag="505" ind1="0" ind2=" ">
    <subfield code="a">Pinturas. p. 94</subfield>
  </datafield>
  <datafield tag="505" ind1="0" ind2=" ">
    <subfield code="a">Serigraf&#xED;as. p. 104</subfield>
  </datafield>
  <datafield tag="505" ind1="0" ind2=" ">
    <subfield code="a">Fotograf&#xED;as/ Serie Bares. p. 110</subfield>
  </datafield>
  <datafield tag="505" ind1="0" ind2=" ">
    <subfield code="a">Fotograf&#xED;as/ Serie juegos. p.113</subfield>
  </datafield>
  <datafield tag="505" ind1="0" ind2=" ">
    <subfield code="a">Fotograf&#xED;as/ Serie Ballet. p. 121</subfield>
  </datafield>
  <datafield tag="505" ind1="0" ind2=" ">
    <subfield code="a">Fotograf&#xED;as/ Serie Espacio cuerpo. p. 123</subfield>
  </datafield>
  <datafield tag="505" ind1="0" ind2=" ">
    <subfield code="t">6 SOCIALES</subfield>
  </datafield>
  <datafield tag="505" ind1="0" ind2=" ">
    <subfield code="a">Fotograf&#xED;as de la c&#xE1;tedra. Arquitectos y Arquitectas. p. 128</subfield>
  </datafield>
  <datafield tag="600" ind1="0" ind2=" ">
    <subfield code="e">arq</subfield>
    <subfield code="9">8051</subfield>
  </datafield>
  <datafield tag="600" ind1=" " ind2="0">
    <subfield code="a">Barrale, Marcelo</subfield>
    <subfield code="d">1952-</subfield>
    <subfield code="e">arq</subfield>
    <subfield code="9">4157</subfield>
  </datafield>
  <datafield tag="600" ind1="0" ind2=" ">
    <subfield code="9">8087</subfield>
    <subfield code="a">Appiani, Luis</subfield>
  </datafield>
  <datafield tag="600" ind1="0" ind2=" ">
    <subfield code="e">arq</subfield>
    <subfield code="9">3900</subfield>
  </datafield>
  <datafield tag="600" ind1="0" ind2=" ">
    <subfield code="e">arq</subfield>
    <subfield code="9">6516</subfield>
  </datafield>
  <datafield tag="600" ind1="0" ind2=" ">
    <subfield code="a">Valderrama, Ana Mar&#xED;a</subfield>
    <subfield code="e">arq</subfield>
    <subfield code="9">3184</subfield>
  </datafield>
  <datafield tag="600" ind1="0" ind2=" ">
    <subfield code="e">arq</subfield>
    <subfield code="9">8102</subfield>
  </datafield>
  <datafield tag="650" ind1="0" ind2=" ">
    <subfield code="a">Viviendas Sociales</subfield>
    <subfield code="9">121</subfield>
  </datafield>
  <datafield tag="650" ind1="0" ind2=" ">
    <subfield code="a">Periferia</subfield>
    <subfield code="9">174</subfield>
  </datafield>
  <datafield tag="651" ind1=" " ind2="0">
    <subfield code="a">Rosario (Santa Fe, Argentina)</subfield>
    <subfield code="9">1246</subfield>
  </datafield>
  <datafield tag="773" ind1="0" ind2=" ">
    <subfield code="a">mat&#xE9;ricos perif&#xE9;ricos</subfield>
    <subfield code="d">Rosario, Santa Fe</subfield>
    <subfield code="g">n&#xBA;19 ( 2025) p. 126</subfield>
    <subfield code="x">450302075</subfield>
  </datafield>
  <datafield tag="856" ind1=" " ind2=" ">
    <subfield code="u">http://www.matericosweb.com/revistas</subfield>
  </datafield>
  <datafield tag="908" ind1=" " ind2=" ">
    <subfield code="a">Imp</subfield>
  </datafield>
  <datafield tag="942" ind1=" " ind2=" ">
    <subfield code="2">udc</subfield>
    <subfield code="c">ART</subfield>
  </datafield>
  <datafield tag="945" ind1=" " ind2=" ">
    <subfield code="a">MBP</subfield>
    <subfield code="d">2017-08-04</subfield>
  </datafield>
  <datafield tag="980" ind1=" " ind2=" ">
    <subfield code="g">CRON CRON</subfield>
    <subfield code="6">1</subfield>
    <subfield code="a">Maricel Allasia</subfield>
    <subfield code="8"></subfield>
  </datafield>
  <datafield tag="999" ind1=" " ind2=" ">
    <subfield code="c">12291</subfield>
    <subfield code="d">12291</subfield>
  </datafield>
  <datafield tag="952" ind1=" " ind2=" ">
    <subfield code="0">0</subfield>
    <subfield code="1">0</subfield>
    <subfield code="2">udc</subfield>
    <subfield code="4">0</subfield>
    <subfield code="7">0</subfield>
    <subfield code="a">AR-RoUNA</subfield>
    <subfield code="b">AR-RoUNA</subfield>
    <subfield code="d">2025-12-04</subfield>
    <subfield code="e">Don</subfield>
    <subfield code="l">0</subfield>
    <subfield code="p">1002880</subfield>
    <subfield code="r">2025-12-04</subfield>
    <subfield code="t">ej. 1</subfield>
    <subfield code="w">2025-12-04</subfield>
    <subfield code="y">ART</subfield>
    <subfield code="k">K270</subfield>
    <subfield code="x"></subfield>
  </datafield>
  <datafield tag="952" ind1=" " ind2=" ">
    <subfield code="0">0</subfield>
    <subfield code="1">0</subfield>
    <subfield code="2">udc</subfield>
    <subfield code="4">0</subfield>
    <subfield code="5">0</subfield>
    <subfield code="7">0</subfield>
    <subfield code="a">AR-RoUNA</subfield>
    <subfield code="b">AR-RoUNA</subfield>
    <subfield code="d">2025-12-04</subfield>
    <subfield code="e">Don</subfield>
    <subfield code="l">0</subfield>
    <subfield code="p">1002881</subfield>
    <subfield code="r">2025-12-04</subfield>
    <subfield code="t">ej. 2</subfield>
    <subfield code="w">2025-12-04</subfield>
    <subfield code="y">ART</subfield>
    <subfield code="k">K427</subfield>
    <subfield code="x"></subfield>
  </datafield>
</record>
